000 01356cad a22002295a 4500
001 L145780
008 081106s2008 xxkad f s 000 0 eng d
035 _a(Sirsi) u145780
041 0 _aeng
050 0 4 _a333.33 $2 18
110 2 _aRoyal Institution of Chartered Surveyors
_bEconomics
_95033
245 0 0 _aRICS commercial market survey United Kingdom
_bthird quarter 2008
_h[electronic resource]
260 _aLondon
_bRICS
_c2008
490 0 _aRICS Commercial Market Survey United Kingdom
_vThird Quarter 2008
520 _aReports that activity across all sectors of the commercial property market fell again in England and Wales in the third quarter of 2008, with occupier demand falling at the fastest pace in the survey's history (i.e. since 1998). Finds that the amount of available floor space for occupation increased at the fastest pace since the introduction of the question in 1999. Concludes that tenants now have greater bargaining power than ever, pushing lease lengths down at the fastest pace on record.
590 _aKA
650 2 4 _aRICS COMMERCIAL MARKET SURVEY UNITED KINGDOM
651 4 _aUnited Kingdom
_y
690 _aPROPERTY-COMMERCIAL PROPERTY-COMMERCIAL PROPERTY MARKET
856 4 0 _uhttps://www.rics.org/site/download_feed.aspx?fileID=57&fileExtension=PDF
_zView the report free of charge at www.rics.org
942 _n0
999 _c108918
_d108918